| 000 | 00828cam a2200241 a 4500 | ||
|---|---|---|---|
| 001 | 1119102 | ||
| 005 | 20180110075716.0 | ||
| 008 | 931129s1992 nyua b 000 0 eng | ||
| 010 | _a 93236035 | ||
| 020 | _a0879514795 | ||
| 040 |
_aDLC _cDLC _dDLC |
||
| 041 | _aeng | ||
| 043 | _an-us--- | ||
| 080 | _a791.43655 SIL | ||
| 082 | 0 | 0 |
_a791.43655 SIL _220 |
| 100 | _a26 | ||
| 101 | _aENC | ||
| 245 | 0 | 0 |
_aFilm noir : _cedited by Alain Silver and Elizabeth Ward ; co-editors, Carl Macek and Robert Porfirio. |
| 504 | _aIncludes bibliographical references (p. 444-446) and index. | ||
| 906 |
_a7 _bcbc _corignew _d2 _encip _f19 _gy-gencatlg |
||
| 942 |
_2ddc _cBK |
||
| 999 |
_c40018 _d40018 |
||